|
|
|
|
| LEADER |
00000ny a22000003n 4500 |
| 005 |
20110621110748.0 |
| 008 |
091007s2009 sp 000 0 spa d |
| 017 |
|
|
|a D.L.M.10040-2009
|
| 020 |
|
|
|a 9788498494389
|
| 035 |
|
|
|a 4737
|
| 040 |
|
|
|a UCA-JER
|d vlex
|
| 080 |
|
|
|a 369(460)(091)
|
| 090 |
|
|
|c 1324
|d 1324
|
| 100 |
1 |
|
|a Bretin Herrero, Constantino
|
| 245 |
1 |
0 |
|a 100 aǫs de seguridad social en Espaą
|h [Recurso electrn̤ico]
|b (1900 - 2000) /
|c Constantino Bretin Herrero
|
| 246 |
3 |
0 |
|a Cien aǫs de seguridad social en Espaą
|
| 256 |
|
|
|a Servicio en ln̕ea
|
| 260 |
|
|
|a Madrid :
|b Dykinson,
|c 2009
|
| 300 |
|
|
|a 258 p. ;
|c 24 cm
|
| 506 |
1 |
|
|a Contenido solo disponible en los productos indicados
|d vLex Global
|d vLex Global (Academic Edition, excluding Law Schools)
|d vLex Global (U.S. Academic Edition, Law Schools)
|d vLex Global (U.S. Academic Edition, excluding Law Schools)
|d vLex Global (Academic Edition, Law Schools)
|
| 650 |
0 |
4 |
|a Seguridad social
|z Espaą
|x Historia
|
| 740 |
0 |
|
|a vLex Libros (Servicios en ln̕ea)
|
| 856 |
4 |
0 |
|u http://vlex.com/source/4737
|z Acceso restringido
|
| 942 |
|
|
|c BOOK
|